|
|
|
|
| LEADER |
01818nam a22004577a 4500 |
| 001 |
38349 |
| 003 |
BD-DhAAL |
| 005 |
20220410151936.0 |
| 008 |
220410t2005 enkab b 001 0 eng d |
| 999 |
|
|
|c 44036
|d 44036
|
| 010 |
|
|
|a 2018300893
|
| 015 |
|
|
|a GBA554832
|2 bnb
|
| 020 |
|
|
|a 0753819961
|
| 020 |
|
|
|a 9780753819968
|
| 035 |
|
|
|a (OCoLC)ocn950873435
|
| 040 |
|
|
|a AU@
|b eng
|c AU@
|d OCLCO
|d OCLCF
|d AUNTL
|d LTSCA
|d OCL
|d HF9
|d DLC
|d BD-DhAAL
|
| 042 |
|
|
|a lccopycat
|
| 050 |
0 |
0 |
|a QH361
|b .D39 2016
|
| 082 |
0 |
4 |
|a 576.83
|2 22
|
| 100 |
1 |
|
|a Dawkins, Richard,
|d 1941-
|e author.
|9 47870
|
| 245 |
1 |
4 |
|a The ancestor's tale :
|b a pilgrimage to the dawn of life /
|c Richard Dawkins and Yan Wong.
|
| 250 |
|
|
|a [Revised and expanded edition].
|
| 260 |
|
|
|a London :
|b Phoenix,
|c c2005.
|
| 300 |
|
|
|a xv, 685 pages :
|b illustrations (some colors), color map ;
|c 20 cm.
|
| 500 |
|
|
|a Originally published: London: Weidenfeld & Nicolson, 2004.
|
| 504 |
|
|
|a Includes bibliographical references (pages [631]-660) and index.
|
| 541 |
|
|
|a Donated By Akbar Ali Khan
|e 38349
|
| 650 |
|
0 |
|a Evolution (Biology)
|x History.
|9 47871
|
| 650 |
|
0 |
|a Evolution (Biology)
|x Philosophy.
|9 47872
|
| 650 |
|
0 |
|a Animals, Fossil.
|9 47873
|
| 650 |
|
0 |
|a Evolution (Biology)
|9 47874
|
| 650 |
|
0 |
|a Life
|x Origin.
|9 47875
|
| 650 |
|
7 |
|a Evolution (Biology)
|x Philosophy.
|2 fast
|9 47872
|
| 650 |
|
7 |
|a Animals, Fossil.
|2 fast
|9 47873
|
| 650 |
|
7 |
|a Evolution (Biology)
|2 fast
|9 47874
|
| 650 |
|
7 |
|a Life
|x Origin.
|2 fast
|9 47875
|
| 655 |
|
7 |
|a History.
|2 fast
|9 47876
|
| 700 |
1 |
|
|a Wong, Yan,
|e author.
|9 47877
|
| 852 |
|
|
|a Ayesha Abed Library
|c Akbar Ali Khan Collection
|
| 942 |
|
|
|2 ddc
|c BK
|
| 952 |
|
|
|0 0
|1 0
|2 ddc
|4 0
|6 576_830000000000000_DAW
|7 1
|9 70486
|a BRACUL
|b BRACUL
|c AAKC
|d 2022-04-10
|e Donated by Akbar Ali Khan
|l 0
|o 576.83 DAW
|p 3010038349
|r 2022-04-10
|t 1
|w 2022-04-10
|y BK
|